000 00300nam a2200109Ia 4500
008 200302s9999 xx 000 0 und d
100 _aHelen Philon & Others
245 _aSilent Splendour Palaces of the Deccan 14th - 19th Centuries
260 _bMarg Publication
260 _c2010
300 _a147 P.,
999 _c2676
_d2676